000 01159aam a2200385 4500
005 20250521143956.0
008 150721b2006 xxu||||| |||| 00| 0 spa d
041 _aEspañol
082 _a658.401.2 P898e
100 _aPrahalad, C. K.
_916305
245 _aEstrategia Corporativa
260 _aEspaña
260 _bDeusto
260 _c2006
300 _a254 páginas
650 _aPLANIFICACIÓN Y ELABORACIÓN DE POLÍTICAS
650 _aADMINISTRACIÓN ESTRATÉGICA
650 _aTRANSFORMACIÓN INDUSTRIAL
650 _aEMPRESAS MULTINACIONALES
650 _aCONTROL ESTRATÉGICO DE LAS MNC (MULTINACIONALES)
650 _aCATEGORÍAS DE MULTINACIONALES
650 _aMECANISMOS DE ADMINISTRACIÓN
650 _aPLANEACIÓN ESTRATÉGICA
650 _aESTRATEGIA CORPORATIVA
650 _aESTRATEGIA DE DIFERSIFICACIÓN
650 _aCONTROL ESTRATÉGICO
650 _aCALIDAD DE LA GESTIÓN
650 _aVARIEDAD ESTRATÉGICA
650 _aMODELO DART
650 _aBLOQUES DE CONSTRUCCIÓN DE CO-CREACIÓN
650 _aCREACIÓN DE RIQUEZA
650 _aLÓGICA DOMINANTE
942 _cBK
_2ddc
999 _c1981
_d1981